| 000 | 00471 a2200193 4500 | ||
|---|---|---|---|
| 001 | 15755 | ||
| 999 |
_c15755 _d2504 |
||
| 003 | TR-AnTOB | ||
| 005 | 20220421095553.0 | ||
| 008 | 110122b tu 000 0 | ||
| 020 | _a0140817743 | ||
| 041 | _aeng | ||
| 050 | 0 |
_aPR6029.R8 _bN49 1996 |
|
| 090 | _aPR6029.R8 N49 1996 | ||
| 100 | 1 |
_aOrwell, George, _d1903-1950 _996571 |
|
| 245 | 0 | _aNineteen eighty-four | |
| 264 | 1 |
_aLondon: _bPenguin Books, _c1996. |
|
| 300 |
_axv, 329p. + _e1 CD-ROM (4 3/4 in) |
||
| 942 | _cBK | ||